Iniciación deportiva
Guardat en:
| Autors principals: | , , |
|---|---|
| Format: | Llibre |
| Idioma: | espanyol |
| Publicat: |
Madrid
Síntesis
2001
|
| Col·lecció: | Actividad Física y Deporte. Fundamentos del Deporte, 1
|
| Matèries: | |
| Etiquetes: |
Afegir etiqueta
Sense etiquetes, Sigues el primer a etiquetar aquest registre!
|
MARC
| LEADER | 00000nam a2200000 a 4500 | ||
|---|---|---|---|
| 001 | UCL0150 | ||
| 003 | CL-VaPUC | ||
| 008 | 030627e20010000SP |||||||||||||||||spa|d | ||
| 082 | 0 | 4 | |a 372.86 |b CON |2 21 |
| 100 | 0 | |a Contreras Jordán, Onofre Ricardo |e author |9 476891 | |
| 700 | 0 | |a Torre Navarro, Eduardo de la |e author |9 476892 | |
| 700 | 0 | |a Velázquez Buendía, Roberto |e author |9 476893 | |
| 245 | 1 | 0 | |a Iniciación deportiva |
| 300 | |a 350 p | ||
| 942 | |c BK | ||
| 945 | |d 20030627 00:00:00 |a cmena | ||
| 260 | |a Madrid |b Síntesis |c 2001 | ||
| 650 | 0 | |a Educación física |9 240893 | |
| 650 | 0 | |a Planificación del currículo |9 269599 | |
| 650 | 0 | |a Educación básica |9 224933 | |
| 650 | 0 | |a Métodos de enseñanza |9 270413 | |
| 583 | |a last modification |c 20030627 00:00:00 |k Rodrigo Vera | ||
| 490 | 0 | |a Actividad Física y Deporte. Fundamentos del Deporte, 1 | |
| 999 | |c 304169 |d 304167 | ||
| 952 | |0 0 |1 0 |4 0 |6 372_860000000000000_CON_2001 |7 0 |8 A |9 366054 |a BIBEDU |b BIBEDU |d 2019-11-21 |i 3918041 |l 2 |o 372.86 CON 2001 |p 3918041 |r 2022-09-07 |s 2022-08-31 |w 2019-11-21 |y BK |k EFI | ||